000 00677nam a2200181Ia 4500
008 090124s9999 xx 000 0 und d
082 _b23379
_a2909
100 _aगवळी पी. ए.
245 _a पेशवेकालीन गुलामगिरी व अस्पृश्यता
250 _a1
260 _c1981
300 _a100
600 _aगवळी पी. ए.
630 _a पेशवेकालीन गुलामगिरी व अस्पृश्यता
700 _aगवळी पी. ए.
730 _a पेशवेकालीन गुलामगिरी व अस्पृश्यता
942 _cBOOK
999 _c136984
_d136984